| 000 | 00411nam a22001577a 4500 | ||
|---|---|---|---|
| 003 | SGT | ||
| 020 | _a9789388022663 | ||
| 082 |
_a615.4 _bI23P |
||
| 100 | _aPATIL, KETAN B. | ||
| 245 | _aTHE THEORY AND PRACTICAL BOOK OF INDUSTRIAL PHARMACY | ||
| 260 |
_aNEW DELHI _bINNOVATIVE PUB. _c2023 |
||
| 300 | _a207 | ||
| 650 | _aINDUSTRIAL PHARMACY | ||
| 653 | _aPRACTICAL , INDUSTRIAL ,PHARMACY | ||
| 942 |
_2ddc _cBK _04 |
||
| 999 |
_c26420 _d26420 |
||